000 00505nam a22001697a 4500
005 20240829115428.0
008 240829b |||||||| |||| 00| 0 eng d
020 _a978-1-9061-41-3
082 _a712.6
_bHOD-S
100 _aHodgkinson, Tom
245 _aSpecial Places to Stay in Britain for Garden Lovers/
_cBy Tom, Hodgkinson
260 _aUK :
_bAlastair Sawday Publishing co.Ltd ;
_c2011.
300 _a239 p. :
_bill ;
_c23 cm.
500 _aInclude Index.
650 _aAgriculture
999 _c36494
_d36494